Countries of the World by GDP - Statistics

General Stats
  • This quiz has been taken 26 times
  • The average score is 80 of 196
Answer Stats
GDP Letter Country % Correct
$20.85T C China
93%
$3.60T F France
93%
$5.45T G Germany
93%
$4.15T I India
93%
$4.38T J Japan
93%
$4.27T U United Kingdom
93%
$32.38T U United States
93%
$2.13T A Australia
87%
$2.64T B Brazil
87%
$2.51T C Canada
87%
$2.67T R Russia
87%
$2.74T I Italy
80%
$2.12T M Mexico
80%
$1.93T S South Korea
80%
$2.09T S Spain
80%
$1.45T N Netherlands
73%
$317B A Algeria
60%
$688B A Argentina
60%
$511B B Bangladesh
60%
$540B C Colombia
60%
$504B D Denmark
60%
$138B E Ecuador
60%
$308B G Greece
60%
$271B H Hungary
60%
$1.54T I Indonesia
60%
$147B K Kenya
60%
$516B M Malaysia
60%
$381B P Peru
60%
$512B P Philippines
60%
$1.14T P Poland
60%
$380B P Portugal
60%
$217B Q Qatar
60%
$481B R Romania
60%
$1.39T S Saudi Arabia
60%
$169B S Slovakia
60%
$760B S Sweden
60%
$977B T Taiwan
60%
$580B T Thailand
60%
$1.64T T Turkey
60%
$622B U United Arab Emirates
60%
$182B U Uzbekistan
60%
$527B V Vietnam
60%
$777B B Belgium
53%
$408B C Chile
53%
$430B E Egypt
53%
$338B F Finland
53%
$129B G Guatemala
53%
$300B I Iran
53%
$265B I Iraq
53%
$779B I Ireland
53%
$720B I Israel
53%
$360B K Kazakhstan
53%
$173B K Kuwait
53%
$377B N Nigeria
53%
$600B N Norway
53%
$117B O Oman
53%
$480B S South Africa
53%
$1.15T S Switzerland
53%
$225B U Ukraine
53%
$96.09B U Uruguay
53%
$111B V Venezuela
53%
$56.71B Z Zimbabwe
53%
$152B A Angola
47%
$624B A Austria
47%
$148B B Bulgaria
47%
$433B C Czechia
47%
$123B D Dem. Rep. Congo
47%
$122B E Ethiopia
47%
$118B G Ghana
47%
$112B I Ivory Coast
47%
$64.91B J Jordan
47%
$106B L Lithuania
47%
$110B L Luxembourg
47%
$194B M Morocco
47%
$279B N New Zealand
47%
$411B P Pakistan
47%
$660B S Singapore
47%
$94.89B T Tanzania
47%
$41.24B Z Zambia
47%
$78.73B A Azerbaijan
40%
$102B B Belarus
40%
$110B C Costa Rica
40%
$116B C Croatia
40%
$136B D Dom. Rep.
40%
$51.63B E Estonia
40%
$39.18B H Haiti
40%
$41.51B H Honduras
40%
$43.80B I Iceland
40%
$53.69B L Latvia
40%
$52.45B L Libya
40%
$95.02B P Panama
40%
$98.96B S Sri Lanka
40%
$83.07B T Turkmenistan
40%
$73.37B U Uganda
40%
$2.39B A Antigua and Barbuda
33%
$52.38B C Cambodia
33%
$1.81B C Comoros
33%
$107B C Cuba
33%
$791M D Dominica
33%
$39.89B E El Salvador
33%
$42.72B G Georgia
33%
$1.48B G Grenada
33%
$23.03B J Jamaica
33%
$401M K Kiribati
33%
$83.83B M Myanmar
33%
$196M N Nauru
33%
$377M P Palau
33%
$60.54B P Paraguay
33%
$17.34B R Rwanda
33%
$1.14B S Saint Kitts and Nevis
33%
$1.24B S Saint Vincent and the Grenadines
33%
$1.38B S Samoa
33%
$1.16B S São Tomé and Principe
33%
$112B S Serbia
33%
$86.73B S Slovenia
33%
$65M T Tuvalu
33%
$1.40B V Vanuatu
33%
$20M V Vatican
33%
$33.33B A Albania
27%
$31.87B A Armenia
27%
$48.85B B Bahrain
27%
$80.74B B Bolivia
27%
$36.77B B Bosnia and Herzegovina
27%
$65.14B C Cameroon
27%
$3.44B C Cape Verde
27%
$45.17B C Cyprus
27%
$4.73B D Djibouti
27%
$2.28B E Eritrea
27%
$5.79B E Eswatini
27%
$6.35B F Fiji
27%
$2.79B G Gambia
27%
$29.93B G Guinea
27%
$2.99B G Guinea-Bissau
27%
$33.96B G Guyana
27%
$14.05B K Kosovo
27%
$23.61B K Kyrgyzstan
27%
$35.88B L Lebanon
27%
$2.97B L Lesotho
27%
$5.64B L Liberia
27%
$33.85B M Mali
27%
$342M M Marshall Islands
27%
$17.12B M Mauritius
27%
$521M M Micronesia
27%
$28.45B M Mongolia
27%
$17.31B N Namibia
27%
$45.84B N Nepal
27%
$24.81B N Niger
27%
$21.61B N North Macedonia
27%
$34.40B P Papua New Guinea
27%
$2.77B S Saint Lucia
27%
$40.47B S Senegal
27%
$2.25B S Seychelles
27%
$1.84B S Solomon Islands
27%
$44.69B S Sudan
27%
$20.42B T Tajikistan
27%
$2.17B T Timor-Leste
27%
$716M T Tonga
27%
$60.75B T Tunisia
27%
$7.34B Y Yemen
27%
$17.50B A Afghanistan
20%
$4.88B A Andorra
20%
$17.04B B Bahamas
20%
$8.48B B Barbados
20%
$27.87B B Benin
20%
$3.86B B Bhutan
20%
$21.94B B Botswana
20%
$32.51B B Burkina Faso
20%
$8.14B B Burundi
20%
$25.63B C Chad
20%
$13.72B E Equatorial Guinea
20%
$23.36B G Gabon
20%
$18.96B L Laos
20%
$21.19B M Madagascar
20%
$18.15B M Malawi
20%
$8.13B M Maldives
20%
$30.71B M Malta
20%
$14.35B M Mauritania
20%
$21.89B M Moldova
20%
$11.38B M Monaco
20%
$10.23B M Montenegro
20%
$23.28B M Mozambique
20%
$24.23B N Nicaragua
20%
$16.50B N North Korea
20%
$17.03B R Rep. Congo
20%
$2.42B S San Marino
20%
$5.91B S Suriname
20%
$62.50B S Syria
20%
$26.84B T Trinidad and Tobago
20%
$3.45B B Belize
13%
$16.86B B Brunei
13%
$3.49B C Central African Republic
13%
$9.44B L Liechtenstein
13%
$8.27B S Sierra Leone
13%
$14.17B S Somalia
13%
$6.07B S South Sudan
13%
$13.43B T Togo
13%
No matching quizzes found
Score Distribution
Percent of People with Each Score
Percentile by Number Answered
Your Score History
You have not taken this quiz